[Event "DEM U10 2023"]
[Site "Willingen GER"]
[Date "2023.05.29"]
[Round "4"]
[White "Peglau, Paul David"]
[Black "Sheng, Ming"]
[Result "1/2-1/2"]
[Termination "normal"]
[Board "1"]
[WhiteElo "1745"]
[BlackElo "1675"]
[WhiteClock "00:22:12"]
[BlackClock "00:10:38"]
[PlyCount "100"]
[WhiteFideId "16290550"]
[BlackFideId "34605258"]
[EventCountry "GER"]
[EventRounds "11"]
[EventType "swiss"]
[EventDate "2023.05.27"]

1. d4 {[%clk 01:15:57]} {[%emt 00:00:03]} Nf6 {[%clk 01:15:51]} {[%emt
00:00:08]} 2. c4 {[%clk 01:16:23]} {[%emt 00:00:06]} e6 {[%clk 01:16:09]}
{[%emt 00:00:12]} 3. g3 {[%clk 01:16:46]} {[%emt 00:00:08]} c5 {[%clk
01:16:06]} {[%emt 00:00:33]} 4. Nf3 {[%clk 01:17:07]} {[%emt 00:00:07]} b6
{[%clk 01:16:20]} {[%emt 00:00:17]} 5. Bg2 {[%clk 01:17:14]} {[%emt 00:00:23]}
Bb7 {[%clk 01:16:34]} {[%emt 00:00:15]} 6. O-O {[%clk 01:17:07]} {[%emt
00:00:37]} Be7 {[%clk 01:16:42]} {[%emt 00:00:23]} 7. Nc3 {[%clk 01:17:17]}
{[%emt 00:00:20]} Ne4 {[%clk 01:16:46]} {[%emt 00:00:27]} 8. Nxe4 {[%clk
01:15:15]} {[%emt 00:02:31]} Bxe4 {[%clk 01:17:04]} {[%emt 00:00:11]} 9. b3
{[%clk 01:14:24]} {[%emt 00:01:23]} O-O {[%clk 01:16:28]} {[%emt 00:01:05]} 10.
Bb2 {[%clk 01:13:57]} {[%emt 00:00:58]} Bf6 {[%clk 01:16:08]} {[%emt 00:00:49]}
11. Qd2 {[%clk 01:13:09]} {[%emt 00:01:19]} cxd4 {[%clk 01:14:05]} {[%emt
00:02:33]} 12. Bxd4 {[%clk 01:12:31]} {[%emt 00:01:07]} d5 {[%clk 01:09:20]}
{[%emt 00:05:15]} 13. cxd5 {[%clk 01:09:52]} {[%emt 00:03:09]} Bxd5 {[%clk
01:08:49]} {[%emt 00:01:01]} 14. Rfd1 {[%clk 01:08:26]} {[%emt 00:01:56]} Nc6
{[%clk 01:08:16]} {[%emt 00:01:03]} 15. Bxf6 {[%clk 01:05:37]} {[%emt
00:03:20]} Qxf6 {[%clk 01:07:54]} {[%emt 00:00:51]} 16. Rac1 {[%clk 01:04:00]}
{[%emt 00:02:05]} Rfd8 {[%clk 01:07:06]} {[%emt 00:01:17]} 17. Qc3 {[%clk
01:02:46]} {[%emt 00:01:46]} Qxc3 {[%clk 01:05:12]} {[%emt 00:02:25]} 18. Rxc3
{[%clk 01:03:13]} {[%emt 00:00:03]} h6 {[%clk 01:01:58]} {[%emt 00:03:45]} 19.
a3 {[%clk 00:49:13]} {[%emt 00:14:29]} Rac8 {[%clk 01:01:02]} {[%emt 00:01:26]}
20. b4 {[%clk 00:48:20]} {[%emt 00:01:23]} b5 {[%clk 01:00:25]} {[%emt
00:01:07]} 21. Rc5 {[%clk 00:44:39]} {[%emt 00:04:11]} a6 {[%clk 00:59:48]}
{[%emt 00:01:07]} 22. e3 {[%clk 00:43:20]} {[%emt 00:01:48]} Ne7 {[%clk
00:52:08]} {[%emt 00:08:10]} 23. Rxc8 {[%clk 00:38:21]} {[%emt 00:05:29]} Rxc8
{[%clk 00:41:20]} {[%emt 00:11:16]} 24. Ne5 {[%clk 00:37:24]} {[%emt 00:01:29]}
f6 {[%clk 00:37:46]} {[%emt 00:04:05]} 25. Nd7 {[%clk 00:36:12]} {[%emt
00:01:42]} Bxg2 {[%clk 00:34:00]} {[%emt 00:04:16]} 26. Kxg2 {[%clk 00:35:48]}
{[%emt 00:00:54]} Rc3 {[%clk 00:32:49]} {[%emt 00:01:40]} 27. Rd6 {[%clk
00:34:27]} {[%emt 00:01:52]} Rxa3 {[%clk 00:32:09]} {[%emt 00:01:10]} 28. Nc5
{[%clk 00:32:13]} {[%emt 00:02:43]} e5 {[%clk 00:30:11]} {[%emt 00:02:29]} 29.
Rxa6 {[%clk 00:30:13]} {[%emt 00:02:29]} Rxa6 {[%clk 00:29:32]} {[%emt
00:01:09]} 30. Nxa6 {[%clk 00:30:42]} {[%emt 00:00:02]} Nc6 {[%clk 00:29:06]}
{[%emt 00:00:56]} 31. Kf3 {[%clk 00:29:21]} {[%emt 00:01:51]} Kf7 {[%clk
00:27:19]} {[%emt 00:02:16]} 32. Ke4 {[%clk 00:27:47]} {[%emt 00:02:01]} Ke6
{[%clk 00:26:27]} {[%emt 00:01:26]} 33. Nc7+ {[%clk 00:27:17]} {[%emt
00:01:00]} Kd7 {[%clk 00:26:36]} {[%emt 00:00:22]} 34. Nxb5 {[%clk 00:27:06]}
{[%emt 00:00:40]} Nxb4 {[%clk 00:26:36]} {[%emt 00:00:30]} 35. Kf5 {[%clk
00:26:43]} {[%emt 00:00:53]} Nd3 {[%clk 00:24:21]} {[%emt 00:02:44]} 36. f4
{[%clk 00:25:45]} {[%emt 00:01:28]} exf4 {[%clk 00:23:57]} {[%emt 00:00:55]}
37. gxf4 {[%clk 00:22:15]} {[%emt 00:03:59]} g5 {[%clk 00:23:32]} {[%emt
00:00:56]} 38. fxg5 {[%clk 00:20:36]} {[%emt 00:02:08]} fxg5 {[%clk 00:23:29]}
{[%emt 00:00:33]} 39. Nc3 {[%clk 00:19:08]} {[%emt 00:01:59]} Nf2 {[%clk
00:20:10]} {[%emt 00:03:49]} 40. Nd5 {[%clk 00:15:57]} {[%emt 00:03:41]} Ke8
{[%clk 00:16:30]} {[%emt 00:04:09]} 41. e4 {[%clk 00:15:05]} {[%emt 00:01:23]}
Nd3 {[%clk 00:02:27]} {[%emt 00:14:33]} 42. e5 {[%clk 00:14:35]} {[%emt
00:00:59]} Nc5 {[%clk 00:13:25]} {[%emt 00:04:33]} 43. e6 {[%clk 00:25:40]}
{[%emt 00:04:25]} h5 {[%clk 00:11:53]} {[%emt 00:02:01]} 44. e7 {[%clk
00:23:34]} {[%emt 00:02:36]} g4 {[%clk 00:11:23]} {[%emt 00:01:01]} 45. Kg5
{[%clk 00:22:30]} {[%emt 00:01:32]} Ne4+ {[%clk 00:10:41]} {[%emt 00:01:12]}
46. Kxh5 {[%clk 00:22:13]} {[%emt 00:00:46]} g3 {[%clk 00:10:23]} {[%emt
00:00:51]} 47. hxg3 {[%clk 00:22:15]} {[%emt 00:00:27]} Nxg3+ {[%clk 00:10:40]}
{[%emt 00:00:11]} 48. Kg6 {[%clk 00:22:07]} {[%emt 00:00:37]} Ne4 {[%clk
00:10:31]} {[%emt 00:00:39]} 49. Kf5 {[%clk 00:21:57]} {[%emt 00:00:42]} Nc3
{[%clk 00:10:38]} {[%emt 00:00:23]} 50. Nxc3 {[%clk 00:22:12]} {[%emt
00:00:16]} Kxe7 {[%emt 00:00:02]} 1/2-1/2

[Event "DEM U10 2023"]
[Site "Willingen GER"]
[Date "2023.05.29"]
[Round "4"]
[White "Fadeev, Justin Michael"]
[Black "Meitzner, Jonathan Franz"]
[Result "1-0"]
[Termination "normal"]
[Board "2"]
[WhiteElo "1470"]
[BlackElo "1314"]
[WhiteClock "01:05:07"]
[BlackClock "01:07:20"]
[PlyCount "35"]
[WhiteFideId "34602968"]
[BlackFideId "34616110"]
[EventCountry "GER"]
[EventRounds "11"]
[EventType "swiss"]
[EventDate "2023.05.27"]

1. e4 {[%clk 01:16:29]} {[%emt 00:21:00]} c5 {[%clk 01:16:56]} {[%emt
00:00:06]} 2. Nf3 {[%clk 01:17:23]} {[%emt 00:00:05]} d6 {[%clk 01:17:20]}
{[%emt 00:00:06]} 3. d4 {[%clk 01:17:48]} {[%emt 00:00:04]} cxd4 {[%clk
01:17:46]} {[%emt 00:00:05]} 4. Nxd4 {[%clk 01:18:16]} {[%emt 00:00:02]} Nf6
{[%clk 01:18:07]} {[%emt 00:00:09]} 5. Nc3 {[%clk 01:18:42]} {[%emt 00:00:04]}
a6 {[%clk 01:18:32]} {[%emt 00:00:06]} 6. Be3 {[%clk 01:19:03]} {[%emt
00:00:08]} e5 {[%clk 01:18:47]} {[%emt 00:00:15]} 7. Nf3 {[%clk 01:19:29]}
{[%emt 00:00:04]} Qc7 {[%clk 01:19:07]} {[%emt 00:00:11]} 8. Be2 {[%clk
01:18:36]} {[%emt 00:01:23]} Be7 {[%clk 01:19:04]} {[%emt 00:00:32]} 9. O-O
{[%clk 01:18:33]} {[%emt 00:00:33]} O-O {[%clk 01:19:22]} {[%emt 00:00:12]} 10.
Bg5 {[%clk 01:17:22]} {[%emt 00:01:42]} Nbd7 {[%clk 01:18:23]} {[%emt
00:01:28]} 11. a4 {[%clk 01:15:53]} {[%emt 00:02:00]} h6 {[%clk 01:16:25]}
{[%emt 00:02:28]} 12. Bxf6 {[%emt 00:01:45]} Nxf6 {[%emt 00:00:11]} 13. Nd5
{[%clk 01:13:32]} {[%emt 00:00:54]} Nxd5 {[%clk 01:16:26]} {[%emt 00:00:29]}
14. exd5 {[%clk 01:13:32]} {[%emt 00:00:31]} f5 {[%clk 01:16:44]} {[%emt
00:00:11]} 15. b3 {[%clk 01:08:04]} {[%emt 00:05:58]} Qc5 {[%clk 01:14:22]}
{[%emt 00:02:46]} 16. Qd2 {[%clk 01:05:29]} {[%emt 00:03:10]} e4 {[%clk
01:12:39]} {[%emt 00:02:14]} 17. Nd4 {[%clk 01:04:44]} {[%emt 00:01:15]} Qxd5
{[%clk 01:07:20]} {[%emt 00:05:48]} 18. Bc4 {[%clk 01:05:07]} {[%emt 00:00:08]}
1-0

[Event "DEM U10 2023"]
[Site "Willingen GER"]
[Date "2023.05.29"]
[Round "4"]
[White "Tarasenko, Nazar"]
[Black "Pawlak, Antoni"]
[Result "1-0"]
[Termination "normal"]
[Board "3"]
[WhiteElo "1970"]
[BlackElo "1323"]
[WhiteClock "01:22:43"]
[BlackClock "01:12:39"]
[PlyCount "53"]
[WhiteFideId "34161430"]
[BlackFideId "34605460"]
[EventCountry "GER"]
[EventRounds "11"]
[EventType "swiss"]
[EventDate "2023.05.27"]

1. d4 {[%clk 01:15:57]} {[%emt 00:00:02]} d5 {[%clk 01:15:56]} {[%emt
00:00:05]} 2. c4 {[%clk 01:16:23]} {[%emt 00:00:03]} Nc6 {[%clk 01:16:23]}
{[%emt 00:00:03]} 3. Nc3 {[%clk 01:16:47]} {[%emt 00:00:06]} Nf6 {[%clk
01:16:47]} {[%emt 00:00:06]} 4. Nf3 {[%clk 01:17:13]} {[%emt 00:00:04]} dxc4
{[%clk 01:17:13]} {[%emt 00:00:05]} 5. e4 {[%clk 01:17:35]} {[%emt 00:00:08]}
Bg4 {[%clk 01:17:11]} {[%emt 00:00:31]} 6. d5 {[%clk 01:17:58]} {[%emt
00:00:08]} Ne5 {[%clk 01:15:26]} {[%emt 00:02:14]} 7. Bf4 {[%clk 01:18:21]}
{[%emt 00:00:07]} Nxf3+ {[%clk 01:14:30]} {[%emt 00:01:25]} 8. gxf3 {[%clk
01:18:45]} {[%emt 00:00:06]} Bd7 {[%clk 01:12:04]} {[%emt 00:02:56]} 9. Bxc4
{[%clk 01:19:07]} {[%emt 00:00:09]} g6 {[%clk 01:10:21]} {[%emt 00:02:13]} 10.
Nb5 {[%clk 01:19:16]} {[%emt 00:00:22]} Bxb5 {[%clk 01:10:18]} {[%emt
00:00:32]} 11. Bxb5+ {[%clk 01:19:38]} {[%emt 00:00:08]} Nd7 {[%clk 01:10:41]}
{[%emt 00:00:06]} 12. Qd4 {[%clk 01:19:31]} {[%emt 00:00:37]} Rg8 {[%clk
01:09:39]} {[%emt 00:01:32]} 13. Rc1 {[%clk 01:19:54]} {[%emt 00:00:08]} Rc8
{[%clk 01:09:59]} {[%emt 00:00:10]} 14. Qxa7 {[%clk 01:19:58]} {[%emt
00:00:26]} Bg7 {[%clk 01:09:44]} {[%emt 00:00:45]} 15. Qxb7 {[%clk 01:20:07]}
{[%emt 00:00:22]} Rb8 {[%clk 01:09:50]} {[%emt 00:00:24]} 16. Bxd7+ {[%clk
01:20:24]} {[%emt 00:00:13]} Kxd7 {[%clk 01:09:37]} {[%emt 00:00:43]} 17. Qc6+
{[%clk 01:20:43]} {[%emt 00:00:09]} Kc8 {[%clk 01:10:03]} {[%emt 00:00:05]} 18.
Bxc7 {[%clk 01:20:58]} {[%emt 00:00:15]} Qe8 {[%clk 01:10:00]} {[%emt
00:00:33]} 19. Qa6+ {[%clk 01:20:27]} {[%emt 00:01:01]} Kd7 {[%clk 01:10:18]}
{[%emt 00:00:12]} 20. Qa4+ {[%clk 01:20:43]} {[%emt 00:00:14]} Kc8 {[%clk
01:10:28]} {[%emt 00:00:20]} 21. Bxb8+ {[%clk 01:20:51]} {[%emt 00:00:22]} Kxb8
{[%clk 01:10:52]} {[%emt 00:00:06]} 22. Qb4+ {[%clk 01:21:13]} {[%emt
00:00:09]} Ka8 {[%clk 01:11:13]} {[%emt 00:00:09]} 23. Qa5+ {[%clk 01:21:37]}
{[%emt 00:00:06]} Kb8 {[%clk 01:11:35]} {[%emt 00:00:08]} 24. Qb6+ {[%clk
01:21:59]} {[%emt 00:00:07]} Ka8 {[%clk 01:11:55]} {[%emt 00:00:10]} 25. Rc7
{[%clk 01:22:25]} {[%emt 00:00:04]} Qb8 {[%clk 01:12:13]} {[%emt 00:00:13]} 26.
Qa6+ {[%clk 01:22:43]} {[%emt 00:00:11]} Qa7 {[%clk 01:12:39]} {[%emt
00:00:04]} 27. Qxa7# {[%emt 00:00:07]} 1-0

[Event "DEM U10 2023"]
[Site "Willingen GER"]
[Date "2023.05.29"]
[Round "4"]
[White "Belin, Anton"]
[Black "Menke, Raphael Wilhelm"]
[Result "1-0"]
[Termination "normal"]
[Board "4"]
[WhiteElo "1662"]
[BlackElo "1884"]
[WhiteClock "01:17:41"]
[BlackClock "00:53:47"]
[PlyCount "83"]
[WhiteFideId "34610952"]
[BlackFideId "34621008"]
[EventCountry "GER"]
[EventRounds "11"]
[EventType "swiss"]
[EventDate "2023.05.27"]

1. e4 {[%clk 01:15:59]} e5 {[%clk 01:15:58]} {[%emt 00:00:03]} 2. Nf3 {[%clk
01:15:53]} {[%emt 00:00:35]} Nc6 {[%clk 01:15:01]} {[%emt 00:01:27]} 3. Bc4
{[%clk 01:16:18]} {[%emt 00:00:05]} Nf6 {[%clk 01:14:23]} {[%emt 00:01:09]} 4.
d3 {[%clk 01:16:41]} {[%emt 00:00:06]} Bc5 {[%clk 01:14:40]} {[%emt 00:00:13]}
5. Nc3 {[%clk 01:17:06]} {[%emt 00:00:05]} a6 {[%clk 01:13:55]} {[%emt
00:01:16]} 6. Bg5 {[%clk 01:17:00]} {[%emt 00:00:35]} h6 {[%clk 01:13:31]}
{[%emt 00:00:54]} 7. Bxf6 {[%clk 01:17:20]} {[%emt 00:00:09]} Qxf6 {[%clk
01:13:45]} {[%emt 00:00:17]} 8. Nd5 {[%clk 01:17:02]} {[%emt 00:00:48]} Qd8
{[%clk 01:14:08]} {[%emt 00:00:07]} 9. c3 {[%clk 01:16:44]} {[%emt 00:00:48]}
d6 {[%clk 01:14:24]} {[%emt 00:00:14]} 10. d4 {[%clk 01:17:07]} {[%emt
00:00:07]} Ba7 {[%clk 01:13:35]} {[%emt 00:01:19]} 11. dxe5 {[%clk 01:16:46]}
{[%emt 00:00:51]} Nxe5 {[%clk 01:13:36]} {[%emt 00:00:29]} 12. Nxe5 {[%clk
01:16:33]} {[%emt 00:00:42]} dxe5 {[%clk 01:13:58]} {[%emt 00:00:09]} 13. Qh5
{[%clk 01:16:45]} {[%emt 00:00:17]} O-O {[%clk 01:09:00]} {[%emt 00:05:29]} 14.
O-O-O {[%clk 01:15:36]} {[%emt 00:01:39]} Qg5+ {[%clk 01:08:00]} {[%emt
00:01:30]} 15. Qxg5 {[%clk 01:15:42]} {[%emt 00:00:25]} hxg5 {[%clk 01:08:18]}
{[%emt 00:00:11]} 16. Nxc7 {[%clk 01:15:45]} {[%emt 00:00:27]} Rb8 {[%clk
01:08:27]} {[%emt 00:00:19]} 17. f3 {[%clk 01:15:29]} {[%emt 00:00:49]} b5
{[%clk 01:07:25]} {[%emt 00:01:29]} 18. Bb3 {[%clk 01:15:54]} {[%emt 00:00:07]}
Bb6 {[%clk 01:03:15]} {[%emt 00:04:37]} 19. Nd5 {[%clk 01:16:05]} {[%emt
00:00:21]} Bc5 {[%clk 01:03:24]} {[%emt 00:00:19]} 20. g4 {[%clk 01:15:15]}
{[%emt 00:01:22]} a5 {[%clk 01:02:37]} {[%emt 00:01:18]} 21. a3 {[%clk
01:15:02]} {[%emt 00:00:44]} Be6 {[%clk 01:02:12]} {[%emt 00:00:54]} 22. h4
{[%clk 01:15:18]} {[%emt 00:00:13]} Be3+ {[%clk 00:59:25]} {[%emt 00:03:16]}
23. Kc2 {[%clk 01:14:53]} {[%emt 00:00:57]} Bxd5 {[%clk 00:59:21]} {[%emt
00:00:33]} 24. Bxd5 {[%clk 01:15:11]} {[%emt 00:00:13]} b4 {[%clk 00:58:39]}
{[%emt 00:01:08]} 25. hxg5 {[%clk 01:15:08]} {[%emt 00:00:36]} Bxg5 {[%clk
00:58:45]} {[%emt 00:00:24]} 26. Rh5 {[%clk 01:15:34]} {[%emt 00:00:06]} Bf4
{[%clk 00:58:20]} {[%emt 00:00:54]} 27. Rdh1 {[%clk 01:15:43]} {[%emt
00:00:20]} g6 {[%clk 00:58:17]} {[%emt 00:00:34]} 28. Rh8+ {[%clk 01:15:58]}
{[%emt 00:00:15]} Kg7 {[%clk 00:58:13]} {[%emt 00:00:34]} 29. R1h7+ {[%clk
01:16:23]} {[%emt 00:00:05]} Kf6 {[%clk 00:58:32]} {[%emt 00:00:11]} 30. Rxf7+
{[%clk 01:16:39]} {[%emt 00:00:13]} Rxf7 {[%clk 00:58:07]} {[%emt 00:00:56]}
31. Rxb8 {[%clk 01:16:34]} {[%emt 00:00:35]} Rc7 {[%clk 00:57:54]} {[%emt
00:00:42]} 32. axb4 {[%clk 01:16:51]} {[%emt 00:00:14]} axb4 {[%clk 00:58:08]}
{[%emt 00:00:16]} 33. Rxb4 {[%clk 01:17:14]} {[%emt 00:00:06]} Be3 {[%clk
00:57:56]} {[%emt 00:00:42]} 34. Rc4 {[%clk 01:16:51]} {[%emt 00:00:54]} Ra7
{[%clk 00:57:45]} {[%emt 00:00:41]} 35. b4 {[%clk 01:16:39]} {[%emt 00:00:42]}
Kg5 {[%clk 00:56:03]} {[%emt 00:02:11]} 36. Kd3 {[%clk 01:16:31]} {[%emt
00:00:38]} Bf4 {[%clk 00:55:58]} {[%emt 00:00:34]} 37. b5 {[%clk 01:16:51]}
{[%emt 00:00:12]} Ra2 {[%clk 00:54:03]} {[%emt 00:02:25]} 38. Rb4 {[%clk
01:17:06]} {[%emt 00:00:15]} Rh2 {[%clk 00:53:16]} {[%emt 00:01:16]} 39. b6
{[%clk 01:17:09]} {[%emt 00:00:29]} Rh8 {[%clk 00:53:30]} {[%emt 00:00:15]} 40.
b7 {[%clk 01:17:25]} {[%emt 00:00:14]} Rb8 {[%clk 00:53:56]} {[%emt 00:00:04]}
41. Rc4 {[%clk 01:17:41]} {[%emt 00:00:13]} Kf6 {[%clk 00:53:47]} {[%emt
00:00:40]} 42. Rc8 {[%emt 00:00:38]} 1-0

[Event "DEM U10 2023"]
[Site "Willingen GER"]
[Date "2023.05.29"]
[Round "4"]
[White "Pradeep, Harshill"]
[Black "Steinbrenner, Peter"]
[Result "0-1"]
[Termination "normal"]
[Board "5"]
[WhiteElo "1482"]
[BlackElo "1601"]
[WhiteClock "01:06:27"]
[BlackClock "00:09:55"]
[PlyCount "44"]
[WhiteFideId "34629513"]
[BlackFideId "34645535"]
[EventCountry "GER"]
[EventRounds "11"]
[EventType "swiss"]
[EventDate "2023.05.27"]

1. e4 {[%clk 01:15:59]} c5 {[%clk 01:15:54]} {[%emt 00:00:07]} 2. d4 {[%clk
01:16:16]} {[%emt 00:00:14]} cxd4 {[%clk 01:16:17]} {[%emt 00:00:06]} 3. c3
{[%clk 01:16:38]} {[%emt 00:00:08]} d5 {[%clk 01:16:27]} {[%emt 00:00:20]} 4.
Qxd4 {[%clk 01:14:48]} {[%emt 00:02:19]} Nf6 {[%clk 01:16:26]} {[%emt
00:00:31]} 5. e5 {[%clk 01:14:33]} {[%emt 00:00:46]} Nc6 {[%clk 01:08:42]}
{[%emt 00:08:14]} 6. Bb5 {[%clk 01:14:39]} {[%emt 00:00:24]} Nd7 {[%clk
01:03:43]} {[%emt 00:05:29]} 7. Qxd5 {[%clk 01:14:38]} {[%emt 00:00:30]} e6
{[%clk 01:02:06]} {[%emt 00:02:07]} 8. Qe4 {[%clk 01:15:01]} {[%emt 00:00:08]}
Nc5 {[%clk 01:01:19]} {[%emt 00:01:18]} 9. Qe2 {[%clk 01:14:17]} {[%emt
00:01:11]} a6 {[%clk 01:01:21]} {[%emt 00:00:31]} 10. Bxc6+ {[%clk 01:14:30]}
{[%emt 00:00:16]} bxc6 {[%clk 01:01:43]} {[%emt 00:00:08]} 11. Nd2 {[%clk
01:12:46]} {[%emt 00:02:11]} a5 {[%clk 00:48:37]} {[%emt 00:13:39]} 12. Qf3
{[%clk 01:09:08]} {[%emt 00:04:07]} Nd3+ {[%clk 00:48:52]} {[%emt 00:00:16]}
13. Kd1 {[%clk 01:09:10]} {[%emt 00:00:28]} Bc5 {[%clk 00:41:48]} {[%emt
00:07:34]} 14. Nh3 {[%clk 01:09:29]} {[%emt 00:00:10]} Qd7 {[%clk 00:26:23]}
{[%emt 00:15:56]} 15. Rf1 {[%clk 01:08:50]} {[%emt 00:01:09]} Ba6 {[%clk
00:23:21]} {[%emt 00:03:32]} 16. Rg1 {[%clk 01:08:12]} {[%emt 00:01:07]} O-O-O
{[%clk 00:22:57]} {[%emt 00:00:55]} 17. Qg3 {[%clk 01:07:36]} {[%emt 00:01:05]}
Nxb2+ {[%clk 00:22:27]} {[%emt 00:01:02]} 18. Kc2 {[%clk 01:07:51]} {[%emt
00:00:15]} Nc4 {[%clk 00:18:31]} {[%emt 00:04:25]} 19. Ne4 {[%clk 01:07:36]}
{[%emt 00:00:45]} Ne3+ {[%clk 00:18:06]} {[%emt 00:00:55]} 20. Bxe3 {[%clk
01:07:11]} {[%emt 00:00:54]} Qd3+ {[%clk 00:10:31]} {[%emt 00:08:06]} 21. Kb2
{[%clk 01:07:19]} {[%emt 00:00:21]} Qe2+ {[%clk 00:09:38]} {[%emt 00:01:24]}
22. Kb3 {[%clk 01:06:27]} {[%emt 00:01:22]} a4+ {[%clk 00:09:55]} {[%emt
00:00:14]} 0-1

[Event "DEM U10 2023"]
[Site "Willingen GER"]
[Date "2023.05.29"]
[Round "4"]
[White "Gersemann, Karl"]
[Black "Brückner, Julian"]
[Result "1-0"]
[Termination "normal"]
[Board "6"]
[WhiteElo "1751"]
[BlackElo "1681"]
[WhiteClock "00:44:06"]
[BlackClock "00:19:39"]
[PlyCount "73"]
[WhiteFideId "34602186"]
[BlackFideId "34630031"]
[EventCountry "GER"]
[EventRounds "11"]
[EventType "swiss"]
[EventDate "2023.05.27"]

1. e4 {[%clk 01:15:50]} {[%emt 00:00:08]} e5 {[%clk 01:15:42]} {[%emt
00:00:19]} 2. Nf3 {[%clk 01:15:30]} {[%emt 00:00:49]} Nc6 {[%clk 01:15:33]}
{[%emt 00:00:40]} 3. Bb5 {[%clk 01:15:12]} {[%emt 00:00:48]} a6 {[%clk
01:15:26]} {[%emt 00:00:38]} 4. Ba4 {[%clk 01:15:09]} {[%emt 00:00:32]} b5
{[%clk 01:15:33]} {[%emt 00:00:23]} 5. Bb3 {[%clk 01:15:15]} {[%emt 00:00:24]}
Na5 {[%clk 01:15:21]} {[%emt 00:00:42]} 6. O-O {[%clk 01:15:09]} {[%emt
00:00:35]} d6 {[%clk 01:15:20]} {[%emt 00:00:33]} 7. c3 {[%clk 01:13:49]}
{[%emt 00:01:49]} Nxb3 {[%clk 01:14:58]} {[%emt 00:00:52]} 8. axb3 {[%clk
01:13:42]} {[%emt 00:00:36]} Nf6 {[%clk 01:14:29]} {[%emt 00:01:00]} 9. d3
{[%clk 01:13:13]} {[%emt 00:01:00]} Bb7 {[%clk 01:14:08]} {[%emt 00:00:50]} 10.
Na3 {[%clk 01:10:23]} {[%emt 00:03:20]} Be7 {[%clk 01:11:21]} {[%emt 00:03:17]}
11. Re1 {[%clk 01:08:22]} {[%emt 00:02:30]} O-O {[%clk 01:09:07]} {[%emt
00:02:44]} 12. Nc2 {[%clk 01:07:00]} {[%emt 00:01:51]} c5 {[%clk 01:05:51]}
{[%emt 00:03:48]} 13. Ne3 {[%clk 01:05:49]} {[%emt 00:01:41]} Bc8 {[%clk
01:02:49]} {[%emt 00:03:33]} 14. h3 {[%clk 01:03:28]} {[%emt 00:02:49]} h6
{[%clk 00:59:45]} {[%emt 00:03:35]} 15. g4 {[%clk 01:02:14]} {[%emt 00:01:41]}
h5 {[%clk 00:56:59]} {[%emt 00:03:19]} 16. g5 {[%clk 01:01:47]} {[%emt
00:00:57]} Nh7 {[%clk 00:56:48]} {[%emt 00:00:41]} 17. h4 {[%clk 01:01:29]}
{[%emt 00:00:49]} g6 {[%clk 00:55:44]} {[%emt 00:01:34]} 18. d4 {[%clk
01:00:00]} {[%emt 00:01:58]} cxd4 {[%clk 00:55:04]} {[%emt 00:01:10]} 19. cxd4
{[%clk 01:00:21]} {[%emt 00:00:09]} f6 {[%clk 00:51:56]} {[%emt 00:03:39]} 20.
dxe5 {[%clk 00:59:45]} {[%emt 00:01:06]} fxe5 {[%clk 00:51:18]} {[%emt
00:01:08]} 21. Qd5+ {[%clk 01:00:04]} {[%emt 00:00:11]} Kh8 {[%clk 00:51:14]}
{[%emt 00:00:33]} 22. Nxe5 {[%clk 01:00:09]} {[%emt 00:00:26]} dxe5 {[%clk
00:51:08]} {[%emt 00:00:36]} 23. Qxa8 {[%clk 01:00:04]} {[%emt 00:00:34]} Bb4
{[%clk 00:51:12]} {[%emt 00:00:26]} 24. Rd1 {[%clk 00:59:48]} {[%emt 00:00:47]}
Qe7 {[%clk 00:50:11]} {[%emt 00:01:30]} 25. Qd5 {[%clk 00:56:46]} {[%emt
00:03:32]} Nxg5 {[%clk 00:48:59]} {[%emt 00:01:43]} 26. hxg5 {[%clk 00:55:29]}
{[%emt 00:01:46]} Qxg5+ {[%clk 00:46:59]} {[%emt 00:02:30]} 27. Ng2 {[%clk
00:55:17]} {[%emt 00:00:41]} Qf6 {[%clk 00:45:16]} {[%emt 00:02:14]} 28. f4
{[%clk 00:53:12]} {[%emt 00:02:34]} exf4 {[%clk 00:34:39]} {[%emt 00:11:08]}
29. Bxf4 {[%clk 00:52:43]} {[%emt 00:01:00]} Kh7 {[%clk 00:32:48]} {[%emt
00:02:18]} 30. Qg5 {[%clk 00:51:17]} {[%emt 00:01:58]} Qg7 {[%clk 00:29:07]}
{[%emt 00:04:11]} 31. Rac1 {[%clk 00:49:51]} {[%emt 00:01:55]} Be7 {[%clk
00:26:34]} {[%emt 00:03:01]} 32. Qe5 {[%clk 00:45:32]} {[%emt 00:04:50]} Bf6
{[%clk 00:22:53]} {[%emt 00:04:13]} 33. Qc7 {[%clk 00:45:02]} {[%emt 00:01:00]}
Be7 {[%clk 00:21:46]} {[%emt 00:01:37]} 34. Be5 {[%clk 00:44:00]} {[%emt
00:01:32]} Qf7 {[%clk 00:20:40]} {[%emt 00:01:35]} 35. Rf1 {[%clk 00:43:35]}
{[%emt 00:00:56]} Qe8 {[%clk 00:19:34]} {[%emt 00:01:37]} 36. Rxf8 {[%clk
00:43:44]} {[%emt 00:00:20]} Qxf8 {[%clk 00:19:39]} {[%emt 00:00:25]} 37. Qxc8
{[%clk 00:44:06]} {[%emt 00:00:07]} 1-0